Представление документа в формате MARC21

Поле Инд. ПП Название Значение
Тип записи a
Библиографический уровень m
001 _ Контрольный номер RU/URAIT/475342
005 _ Дата корректировки 20250915104112.6
008 Кодируемые данные 200417s2021 RU y f j 000 0 rus u
020 a ISBN 978-5-534-13554-1
c Цена, тираж 1759.00
040 a Служба первич. каталог. ИКО Юрайт
c Служба, преобразующая запись ИКО Юрайт
e Правила каталог. RCR
041 a Код языка текста rus
044 a Код страны публикации RU
080 a Индекс УДК 796(075.32)
084 2 Источник индекса rubbk
a Индекс другой классификации/Индекс ББК 75я723
100 1_ a Автор Конеева Елена Владимировна
q Полное имя Елена Владимировна
245 a Заглавие Физическая культура
b Продолж. заглавия Учебное пособие Для СПО
c Ответственность под ред. Конеевой Е.В.
250 g пер. и доп
a Основные сведения об издании 2-е изд.
256 a Характеристики компьютерного файла Электрон. дан.
260 a Место издания Москва
b Издательство Юрайт
c Дата издания 2021
300 a Объем 599 с
440 a Серия Профессиональное образование
500 a Примечание URL: https://urait.ru/bcode/475342 (дата обращения: 23.11.2021).
520 a Аннотация В курсе ведется повествование о цели и задачах занятий по физической культуре, особенно в дошкольных организациях, основой которых является создание фундамента физического здоровья детей, формирования их личности. Содержит сведения о концепции формирования физической культуры личности школьников и студентов. Курс включает в себя сведения о здоровом образе жизни студентов, профилактике вредных привычек и др. Соответствует актуальным требованиям Федерального государственного образовательного стандарта среднего профессионального образования и профессиональным требованиям. Курс предназначен для студентов, учителей физической культуры, преподавателей вузов и сузов, инструкторов по физической культуре в дошкольных учреждениях.
538 a Прим. о системных особенностях Режим доступа: Электронно-библиотечная система Юрайт, для авториз. пользователей
653 a Ключевые слова Физическая культура
653 a Ключевые слова Гуманитарные и общественные науки.
653 a Ключевые слова Физическая культура
653 a Ключевые слова Физическая культура (физическая подготовка)
653 a Ключевые слова Физкультура
653 a Ключевые слова Физическая подготовка
653 a Ключевые слова Физическая культура и спорт
653 a Ключевые слова Общая физическая подготовка
653 a Ключевые слова Физическая культура (базовая подготовка)
653 a Ключевые слова Физическая культура (углубленная подготовка)
653 a Ключевые слова Общая физическая культура
653 a Ключевые слова Основы физической культуры
700 1_ a Другие авторы Зайцев Анатолий Александрович
q Полное имя Анатолий Александрович
700 1_ a Другие авторы Томашевская Ольга Борисовна
q Полное имя Ольга Борисовна
700 1_ a Другие авторы Покровская Наталья Владимировна
q Полное имя Наталья Владимировна
700 1_ a Другие авторы Почечура Наталья Николаевна
q Полное имя Наталья Николаевна
700 1_ a Другие авторы Романов Сергей Станиславович
q Полное имя Сергей Станиславович
700 1_ a Другие авторы Колтан Светлана Владимировна
q Полное имя Светлана Владимировна
700 1_ a Другие авторы Лизогубенко Николай Васильевич
q Полное имя Николай Васильевич
700 1_ a Другие авторы Пельменев Виктор Константинович
q Полное имя Виктор Константинович
700 1_ a Другие авторы Зайцева Виктория Федоровна
q Полное имя Виктория Федоровна
700 1_ a Другие авторы Жигарева Оксана Георгиевна
q Полное имя Оксана Георгиевна
700 1_ a Другие авторы Горячева Евгения Николаевна
q Полное имя Евгения Николаевна
856 40 u URL https://urait.ru/bcode/475342
x Примечание для ЭОР https://urait.ru/book/cover/C1EB8230-7632-4039-BF66-08AF8E41C542
z Примечание для пользователя Участвует в КО
856 41 u URL https://urait.ru/book/cover/C1EB8230-7632-4039-BF66-08AF8E41C542